000
00215 a2200097 4500
001
46106
100
_a
Hakim Abu Naeem Ab
245
_a
Quaid ul Lughat
260
_a
Lahore
_b
Hamid and Co
_c
090
_c
29210
_d
29210
942
_a
NUST-CAE
_c
M
_c
21348
999
_c
281179
_d
281179